| 000 | 00463nam a2200169Ia 4500 | ||
|---|---|---|---|
| 008 | 230711s9999||||xx |||||||||||||| ||und|| | ||
| 020 | _a9780000000000 | ||
| 041 | _aENG | ||
| 082 |
_a728.1 _bFO-H |
||
| 100 | _aFoley,Georgina | ||
| 245 | 0 | _aHouses of steel : living steel's international Architecture competitions | |
| 250 | _a1st . . Ed. | ||
| 260 |
_c2009 _aVictoria _bImages Publisher Corporation |
||
| 300 | _a175p. | ||
| 650 | _aArchitecture | ||
| 942 | _cBK | ||
| 999 |
_c5854 _d5854 |
||